| 000 | 00396cam a22001097a 4500 | ||
|---|---|---|---|
| 008 | 180718b1972 xxu||||| |||| 00| 0 eng d | ||
| 082 | _aK5x41 Un3 | ||
| 245 |
_aThe training of graduates for secondary education _cby Scottish Education Department, United Kingdom |
||
| 260 |
_aLondon _bHer Majesty's Stationery Office _c1972 |
||
| 300 | _a66p. | ||
| 700 | _aUnited Kingdom. Scottish Education Department | ||
| 999 |
_c499957 _d499957 |
||